[Event "Minsk op"]
[Site "Minsk"]
[Date "2010.08.12"]
[Round "9"]
[White "Daulyte Cornette, Deimante"]
[Black "Gerasimovitch, Olga"]
[Result "1-0"]
[WhiteElo "2333"]
[BlackElo "2136"]
[PlyCount "97"]
[EventDate "2010.08.04"]
[EventType "swiss"]
[EventRounds "9"]
[EventCountry "BLR"]
[SourceTitle "CBM 137 Extra"]
[Source "ChessBase"]
[SourceDate "2010.09.01"]
[SourceVersion "1"]
[SourceVersionDate "2010.09.01"]
[SourceQuality "1"]

1. e4 c5 2. Nf3 d6 3. d4 cxd4 4. Nxd4 Nf6 5. Nc3 a6 6. Bg5 e6 7. f4 Nc6 8. Qd3 h6 9. Bh4 Bd7 10. 0-0-0 g5 11. fxg5 Ng4 12. Be2 Nge5 13. Qe3 Be7 14. Kb1 hxg5 15. Nxc6 bxc6 16. Bg3 Qa5 17. Qd4 c5 18. Qd2 Bc6 19. Bxe5 dxe5 20. Qe3 Rb8 21. Nd5 Bxd5 22. exd5 Qb4 23. b3 Qf4 24. Qxf4 exf4 25. dxe6 fxe6 26. Bxa6 Rd8 27. h3 e5 28. Bb7 Kf7 29. c3 Ke6 30. Kc2 Kf5 31. Rhe1 Rxd1 32. Be4+ Ke6 33. Rxd1 Rd8 34. Ra1 Rd6 35. a4 Ra6 36. Kd3 Kd6 37. Kc4 Kc7 38. a5 Kb8 39. b4 cxb4 40. cxb4 Rd6 41. Bd5 e4 42. Bxe4 Rd4+ 43. Kxd4 Bf6+ 44. Kc5 Bxa1 45. Kb6 Bd4+ 46. Ka6 Kc7 47. b5 Be5 48. b6+ Kd7 49. Kb7 1-0

[Event "BLR-ch (Women)"]
[Site "Minsk"]
[Date "2010.01.20"]
[Round "7"]
[White "Gerasimovitch, Olga"]
[Black "Stetsko, Lanita"]
[Result "1/2-1/2"]
[WhiteElo "2128"]
[BlackElo "2067"]
[PlyCount "106"]
[EventDate "2010.01.14"]
[EventType "tourn"]
[EventRounds "9"]
[EventCountry "BLR"]
[SourceTitle "CBM 134 Extra"]
[Source "ChessBase"]
[SourceDate "2010.03.03"]
[SourceVersion "1"]
[SourceVersionDate "2010.03.03"]
[SourceQuality "1"]

1. d4 d5 2. c4 c6 3. Nf3 Nf6 4. Nc3 a6 5. a4 e6 6. Bg5 h6 7. Bh4 Nbd7 8. e3 Be7 9. cxd5 cxd5 10. Bd3 0-0 11. 0-0 b6 12. Qe2 Bb7 13. Rfc1 g5 14. Bg3 Ne4 15. Ne5 Nxg3 16. hxg3 Nxe5 17. dxe5 Kg7 18. Qg4 Rh8 19. Ne2 h5 20. Qd4 Bc5 21. Qc3 h4 22. b4 d4 23. exd4 h3 24. f3 hxg2 25. bxc5 Bxf3 26. Kf2 Bd5 27. Bc4 bxc5 28. Bxd5 Qxd5 29. dxc5 g1Q+ 30. Rxg1 Rh2+ 31. Ke3 g4 32. Raf1 Rb8 33. Nf4 Qc6 34. Rf2 Rh1 35. Rxh1 Qxh1 36. Ng2 Qb1 37. Qc2 Qa1 38. Qe4 Rb3+ 39. Kf4 Qc3 40. Kg5 Rb4 41. Rxf7+ Kxf7 42. Qh7+ Ke8 43. Qg8+ Ke7 44. Qg7+ Kd8 45. Nf4 Kc8 46. c6 Rb3 47. Qd7+ Kb8 48. Qd8+ Ka7 49. Qc7+ Ka8 50. Qc8+ Ka7 51. Qc7+ Ka8 52. Qc8+ Ka7 53. Qc7+ Ka8 1/2-1/2

[Event "BLR-ch (Women) 52nd"]
[Site "Minsk"]
[Date "2008.03.15"]
[Round "6"]
[White "Minina, Alena"]
[Black "Gerasimovitch, Olga"]
[Result "0-1"]
[WhiteElo "2071"]
[BlackElo "2142"]
[PlyCount "92"]
[EventDate "2008.03.10"]
[EventType "swiss"]
[EventRounds "11"]
[EventCountry "BLR"]
[SourceTitle "CBM 123 Extra"]
[Source "ChessBase"]
[SourceDate "2008.05.06"]
[SourceVersion "1"]
[SourceVersionDate "2008.05.06"]
[SourceQuality "1"]

1. d4 Nf6 2. c4 g6 3. Nc3 Bg7 4. e4 d6 5. f4 0-0 6. Nf3 c5 7. dxc5 Qa5 8. Bd3 Qxc5 9. Qe2 Nc6 10. Be3 Qa5 11. 0-0 Bg4 12. Rac1 Nd7 13. Qf2 Bxf3 14. gxf3 Nc5 15. Bb1 Na4 16. Nxa4 Qxa4 17. b3 Qa5 18. Rcd1 Qc7 19. Qh4 Bf6 20. Qg4 a5 21. a4 Rad8 22. Kh1 e6 23. Qg1 Rd7 24. Bb6 Qc8 25. Rf2 Kh8 26. Rfd2 Qb8 27. e5 Be7 28. exd6 Rxd6 29. Rxd6 Bxd6 30. Be4 Bxf4 31. Bxc6 bxc6 32. Qc5 Rc8 33. Rd7 Kg8 34. Qe7 Rf8 35. Bc5 Bh6 36. Qf6 Bg7 37. Qg5 Re8 38. Bd6 Qxb3 39. Qf4 Qb1+ 40. Kg2 Qf5 41. Qd2 Be5 42. c5 Bf6 43. Qxa5 e5 44. Qc7 e4 45. f4 Qg4+ 46. Kf1 Qf3+ 0-1

[Event "EU-Cup (Women) 12th"]
[Site "Kemer"]
[Date "2007.10.09"]
[Round "7.1"]
[White "Madl, Ildiko"]
[Black "Gerasimovitch, Olga"]
[Result "1/2-1/2"]
[WhiteElo "2381"]
[BlackElo "2184"]
[PlyCount "47"]
[EventDate "2007.10.03"]
[EventType "team-swiss"]
[EventRounds "7"]
[EventCountry "TUR"]
[SourceTitle "EXT 2013"]
[Source "ChessBase"]
[SourceDate "2012.11.22"]
[SourceVersion "1"]
[SourceVersionDate "2012.11.22"]
[SourceQuality "1"]
[WhiteTeam "Bihac (W)"]
[BlackTeam "Minsk BGU (W)"]
[WhiteTeamCountry "BIH"]
[BlackTeamCountry "BLR"]

1. e4 d5 2. exd5 Qxd5 3. Nc3 Qa5 4. d4 Nf6 5. Nf3 c6 6. Bc4 Bf5 7. Bd2 e6 8. Nd5 Qd8 9. Nxf6+ gxf6 10. Bb3 Nd7 11. Qe2 Qc7 12. 0-0-0 0-0-0 13. Nh4 Bg6 14. g3 Bd6 15. Rhe1 Kb8 16. Kb1 Ka8 17. Bc3 Rc8 18. Nxg6 hxg6 19. h4 Rh7 20. Qd2 f5 21. d5 cxd5 22. Bxd5 exd5 23. Qxd5 Bxg3 24. fxg3 1/2-1/2

[Event "EU-Cup (Women) 12th"]
[Site "Kemer"]
[Date "2007.10.08"]
[Round "6.1"]
[White "Gerasimovitch, Olga"]
[Black "Gencer, Ozlem"]
[Result "1-0"]
[WhiteElo "2184"]
[BlackElo "1940"]
[PlyCount "101"]
[EventDate "2007.10.03"]
[EventType "team-swiss"]
[EventRounds "7"]
[EventCountry "TUR"]
[SourceTitle "EXT 2013"]
[Source "ChessBase"]
[SourceDate "2012.11.22"]
[SourceVersion "1"]
[SourceVersionDate "2012.11.22"]
[SourceQuality "1"]
[WhiteTeam "Minsk BGU (W)"]
[BlackTeam "Tarsus Zeka (W)"]
[WhiteTeamCountry "BLR"]
[BlackTeamCountry "TUR"]

1. e4 e6 2. d3 d5 3. Nd2 Nf6 4. Ngf3 c5 5. g3 Nc6 6. Bg2 Be7 7. 0-0 0-0 8. e5 Nd7 9. Re1 Qc7 10. Qe2 b5 11. Nf1 Bb7 12. c3 a6 13. h4 Rae8 14. Bf4 b4 15. N1h2 Qa5 16. c4 Nb6 17. Ng4 Rd8 18. h5 dxc4 19. dxc4 Ba8 20. h6 g6 21. b3 Nd4 22. Nxd4 Rxd4 23. Be3 Rdd8 24. Bxa8 Nxa8 25. Qf3 Qc7 26. Nf6+ Kh8 27. Bg5 Nb6 28. Qf4 Rd4 29. Re4 Rd3 30. Rae1 Qd8 31. R4e3 Rd4 32. Re4 Rd3 33. Qh4 Nc8 34. Kg2 Qc7 35. R1e3 Rd2 36. Rf3 Rd1 37. Qg4 Qd8 38. Rfe3 Rd2 39. Qf3 a5 40. Rf4 Rd4 41. Rxd4 Qxd4 42. Re4 Qb2 43. Qf4 Qc2 44. Kh2 Qd1 45. Qh4 Bd8 46. Rf4 Ne7 47. Nxh7 Nf5 48. Rxf5 Bxg5 49. Qxg5 Qh5+ 50. Qxh5 gxh5 51. Nxf8 1-0

[Event "EU-Cup (Women) 12th"]
[Site "Kemer"]
[Date "2007.10.05"]
[Round "3.1"]
[White "Yanik, Emine"]
[Black "Gerasimovitch, Olga"]
[Result "1-0"]
[WhiteElo "2069"]
[BlackElo "2184"]
[PlyCount "77"]
[EventDate "2007.10.03"]
[EventType "team-swiss"]
[EventRounds "7"]
[EventCountry "TUR"]
[SourceTitle "EXT 2013"]
[Source "ChessBase"]
[SourceDate "2012.11.22"]
[SourceVersion "1"]
[SourceVersionDate "2012.11.22"]
[SourceQuality "1"]
[WhiteTeam "Antalya Deniz Genclik (W)"]
[BlackTeam "Minsk BGU (W)"]
[WhiteTeamCountry "TUR"]
[BlackTeamCountry "BLR"]

1. d4 Nf6 2. Nf3 g6 3. Bg5 Bg7 4. Nbd2 d5 5. e3 0-0 6. Be2 Nbd7 7. 0-0 Re8 8. c4 c5 9. Qb3 cxd4 10. exd4 Ne4 11. Be3 Ndf6 12. Nxe4 dxe4 13. Ne5 Nd7 14. Nxd7 Qxd7 15. c5 Qc7 16. d5 Kh8 17. Rfd1 Be5 18. h3 f5 19. Rac1 f4 20. Bd4 Bxd4 21. Rxd4 Qe5 22. Rcd1 f3 23. Bf1 Bf5 24. Qe3 fxg2 25. Bxg2 Rac8 26. b4 a5 27. a3 axb4 28. axb4 Rcd8 29. Bxe4 Bxe4 30. Rxe4 Qf6 31. Re6 Qf7 32. Rd4 Ra8 33. Rde4 Qf5 34. R6e5 Qf7 35. Rxe7 Rxe7 36. Rxe7 Ra1+ 37. Kh2 Qf6 38. Re8+ Kg7 39. Re7+ 1-0

[Event "Cullera op-A"]
[Site "Cullera"]
[Date "2007.07.10"]
[Round "7"]
[White "Orosa Martinez, Victor"]
[Black "Gerasimovitch, Olga"]
[Result "0-1"]
[WhiteElo "1991"]
[BlackElo "2160"]
[PlyCount "92"]
[EventDate "2007.07.06"]
[EventType "swiss"]
[EventRounds "9"]
[EventCountry "ESP"]
[SourceTitle "CBM 119 Extra"]
[Source "ChessBase"]
[SourceDate "2007.09.04"]
[SourceVersion "1"]
[SourceVersionDate "2007.09.04"]
[SourceQuality "1"]

1. d4 d5 2. c4 c6 3. Nf3 Nf6 4. Nc3 dxc4 5. a4 Bf5 6. e3 e6 7. Bxc4 Bb4 8. 0-0 0-0 9. Qe2 Bg6 10. Ne5 Nbd7 11. Nxg6 hxg6 12. Rd1 Qa5 13. Qc2 Qh5 14. e4 Rac8 15. Bf4 a5 16. Be2 Qh4 17. Bg3 Qh6 18. Rac1 Rfd8 19. h3 g5 20. e5 Nh5 21. Bxh5 Qxh5 22. Ne4 Nb6 23. Nc5 Rc7 24. Ne4 Nd5 25. Qd3 Rdd7 26. Nc5 Bxc5 27. Rxc5 Nb4 28. Qb3 b6 29. Rc4 c5 30. f3 cxd4 31. Rxb4 axb4 32. Qxb4 Qg6 33. Bf2 Qc2 34. Rd2 Qc5 35. Qb3 Rc8 36. Kh2 Qxe5+ 37. Bg3 Qa5 38. Rd1 Ra8 39. Ra1 d3 40. Be1 d2 41. Bg3 b5 42. Qc2 bxa4 43. Rd1 Rd5 44. f4 gxf4 45. Bxf4 Qb4 46. Bg3 Rad8 0-1

[Event "Cullera op-A"]
[Site "Cullera"]
[Date "2007.07.08"]
[Round "3"]
[White "Roca Galarza, Jose"]
[Black "Gerasimovitch, Olga"]
[Result "0-1"]
[WhiteElo "2308"]
[BlackElo "2160"]
[PlyCount "80"]
[EventDate "2007.07.06"]
[EventType "swiss"]
[EventRounds "9"]
[EventCountry "ESP"]
[SourceTitle "CBM 119 Extra"]
[Source "ChessBase"]
[SourceDate "2007.09.04"]
[SourceVersion "1"]
[SourceVersionDate "2007.09.04"]
[SourceQuality "1"]

1. Nf3 d5 2. d4 Nf6 3. c4 c6 4. e3 g6 5. Nc3 Bg7 6. Qb3 0-0 7. Bd2 e6 8. Rc1 Nbd7 9. Be2 b6 10. 0-0 Bb7 11. Rfd1 Ne4 12. Be1 f5 13. a4 a6 14. Qa2 Kh8 15. Qb1 Nd6 16. b3 a5 17. Bf1 Qe7 18. Ne2 Bh6 19. Nf4 g5 20. Nd3 g4 21. Nfe5 Nxe5 22. Nxe5 Nf7 23. Nd3 Ng5 24. Nf4 Nf3+ 25. gxf3 Bxf4 26. fxg4 Bxh2+ 27. Kg2 Bd6 28. cxd5 Qh4 29. f4 Qxg4+ 30. Kf2 Be7 31. Bg2 Bh4+ 32. Kg1 cxd5 33. Bxh4 Qxh4 34. Rc7 Ba6 35. Qb2 Rg8 36. Rc2 Ra7 37. Rf2 Rc7 38. Qd2 Rcg7 39. Rc1 Rg3 40. Rc6 Rh3 0-1

[Event "Cullera op-A"]
[Site "Cullera"]
[Date "2007.07.06"]
[Round "1"]
[White "Tarazona Macivor, Cristobal"]
[Black "Gerasimovitch, Olga"]
[Result "0-1"]
[WhiteElo "1726"]
[BlackElo "2160"]
[PlyCount "58"]
[EventDate "2007.07.06"]
[EventType "swiss"]
[EventRounds "9"]
[EventCountry "ESP"]
[SourceTitle "CBM 119 Extra"]
[Source "ChessBase"]
[SourceDate "2007.09.04"]
[SourceVersion "1"]
[SourceVersionDate "2007.09.04"]
[SourceQuality "1"]

1. Nf3 Nf6 2. d3 d5 3. Nbd2 c5 4. g3 Nc6 5. Bg2 Qc7 6. 0-0 Bg4 7. h3 Bh5 8. Re1 0-0-0 9. e4 dxe4 10. Nxe4 Nxe4 11. Rxe4 e5 12. Qe1 Bd6 13. Nh4 f6 14. Bd2 Nd4 15. Qb1 g5 16. g4 gxh4 17. gxh5 f5 18. Rxd4 cxd4 19. Bd5 Kb8 20. Qe1 Rhe8 21. h6 e4 22. dxe4 Bh2+ 23. Kf1 Rxd5 24. Qd1 fxe4 25. Qg4 e3 26. Bb4 Qxc2 27. Qe2 Qxe2+ 28. Kxe2 exf2+ 29. Kxf2 Rf5+ 0-1

[Event "Cullera op-A"]
[Site "Cullera"]
[Date "2006.07.28"]
[Round "9"]
[White "Crecente Penalba, Jose Manuel"]
[Black "Gerasimovitch, Olga"]
[Result "1-0"]
[WhiteElo "2096"]
[BlackElo "2197"]
[PlyCount "49"]
[EventDate "2006.07.20"]
[EventType "swiss"]
[EventRounds "9"]
[EventCountry "ESP"]
[SourceTitle "EXT 2007"]
[Source "ChessBase"]
[SourceDate "2006.11.23"]
[SourceVersion "1"]
[SourceVersionDate "2006.11.23"]
[SourceQuality "1"]

1. d4 Nf6 2. Nf3 g6 3. c4 Bg7 4. Nc3 0-0 5. g3 d6 6. Bg2 Nbd7 7. 0-0 e5 8. dxe5 dxe5 9. h3 c6 10. Be3 Re8 11. Ng5 Qc7 12. Rc1 Nf8 13. b4 Ne6 14. Nxe6 Bxe6 15. Nd5 Qc8 16. Nxf6+ Bxf6 17. Kh2 Qc7 18. b5 c5 19. Qb3 h5 20. h4 Bg4 21. Qc2 Re7 22. Bd5 Rd8 23. Qxg6+ Bg7 24. Bh6 Kf8 25. Qxg7+ 1-0

[Event "Cullera op-A"]
[Site "Cullera"]
[Date "2006.07.20"]
[Round "1"]
[White "Gerasimovitch, Olga"]
[Black "Huerga Tirados, Angel"]
[Result "1-0"]
[WhiteElo "2197"]
[BlackElo "2019"]
[PlyCount "46"]
[EventDate "2006.07.20"]
[EventType "swiss"]
[EventRounds "9"]
[EventCountry "ESP"]
[SourceTitle "EXT 2007"]
[Source "ChessBase"]
[SourceDate "2006.11.23"]
[SourceVersion "1"]
[SourceVersionDate "2006.11.23"]
[SourceQuality "1"]

1. e4 c5 2. Nf3 Nc6 3. d4 cxd4 4. Nxd4 g6 5. c4 Bg7 6. Be3 d6 7. Nc3 Nf6 8. Be2 0-0 9. 0-0 Bd7 10. Qd2 a6 11. f3 Rc8 12. Rac1 Ne8 13. Rfd1 f5 14. exf5 Bxf5 15. Nxf5 Rxf5 16. c5 Qa5 17. Bc4+ Kh8 18. Be6 Rd8 19. Bxf5 gxf5 20. Qc2 f4 21. Bf2 dxc5 22. Rxd8 Qxd8 23. Ne4 b6 1-0

[Event "Pardubice op-A"]
[Site "Pardubice"]
[Date "2005.07.27"]
[Round "6"]
[White "Nazarenus, Moritz"]
[Black "Gerasimovitch, Olga"]
[Result "1-0"]
[WhiteElo "2185"]
[BlackElo "2270"]
[PlyCount "79"]
[EventDate "2005.07.22"]
[EventType "swiss"]
[EventRounds "9"]
[EventCountry "CZE"]
[SourceTitle "CBM 107 Extra"]
[Source "ChessBase"]
[SourceDate "2005.09.01"]
[SourceVersion "1"]
[SourceVersionDate "2005.09.01"]
[SourceQuality "1"]

1. d4 Nf6 2. c4 g6 3. Nc3 Bg7 4. e4 d6 5. f3 0-0 6. Be3 e5 7. d5 c6 8. Qd2 cxd5 9. cxd5 a6 10. a4 Nbd7 11. Bd3 Qa5 12. Nge2 Nc5 13. Bc2 b5 14. 0-0 b4 15. Nd1 Qb6 16. a5 Qb7 17. b3 Bd7 18. Re1 Nh5 19. Nb2 Rab8 20. Nc4 Qc7 21. Nb6 Bb5 22. Qxb4 f5 23. Rac1 f4 24. Bf2 Bxe2 25. Rxe2 Nd3 26. Bxd3 Qxc1+ 27. Re1 Qc7 28. Bxa6 Nf6 29. Bb5 Rf7 30. Qa3 g5 31. Rc1 Qd8 32. Rc6 Bf8 33. a6 Ra7 34. Rc8 Rxc8 35. Nxc8 Ra8 36. Nb6 Ra7 37. Nc4 Qc7 38. Qa5 Qxa5 39. Nxa5 Ra8 40. a7 1-0

[Event "Pardubice op-A"]
[Site "Pardubice"]
[Date "2005.07.26"]
[Round "5"]
[White "Gerasimovitch, Olga"]
[Black "Fingerov, Dmitry"]
[Result "1/2-1/2"]
[WhiteElo "2270"]
[BlackElo "2358"]
[PlyCount "30"]
[EventDate "2005.07.22"]
[EventType "swiss"]
[EventRounds "9"]
[EventCountry "CZE"]
[SourceTitle "CBM 107 Extra"]
[Source "ChessBase"]
[SourceDate "2005.09.01"]
[SourceVersion "1"]
[SourceVersionDate "2005.09.01"]
[SourceQuality "1"]

1. d4 d5 2. c4 c6 3. Nf3 dxc4 4. e3 Be6 5. a4 Na6 6. Na3 Nb4 7. Bxc4 Bxc4 8. Nxc4 Nf6 9. 0-0 e6 10. a5 Qd5 11. Qb3 Qb5 12. Bd2 Nbd5 13. Qc2 Nb4 14. Qb3 Nbd5 15. Qc2 Nb4 1/2-1/2

[Event "Pardubice op-A"]
[Site "Pardubice"]
[Date "2005.07.22"]
[Round "1"]
[White "Gerasimovitch, Olga"]
[Black "Szoen, Dariusz"]
[Result "0-1"]
[WhiteElo "2270"]
[BlackElo "2459"]
[PlyCount "108"]
[EventDate "2005.07.22"]
[EventType "swiss"]
[EventRounds "9"]
[EventCountry "CZE"]
[SourceTitle "CBM 107 Extra"]
[Source "ChessBase"]
[SourceDate "2005.09.01"]
[SourceVersion "1"]
[SourceVersionDate "2005.09.01"]
[SourceQuality "1"]

1. e4 c5 2. Nf3 d6 3. d4 cxd4 4. Nxd4 Nf6 5. Nc3 a6 6. f3 e5 7. Nb3 Be6 8. Be3 Nbd7 9. Qd2 b5 10. 0-0-0 b4 11. Nd5 Bxd5 12. exd5 Nb6 13. Bxb6 Qxb6 14. g4 a5 15. Qd3 Rb8 16. Qa6 Qxa6 17. Bxa6 a4 18. Na5 Be7 19. Bb7 0-0 20. Bc6 a3 21. h4 Ne8 22. Nc4 axb2+ 23. Kxb2 Nc7 24. Ne3 g6 25. c4 Na6 26. Kc2 Nc5 27. Rb1 Rb6 28. Nf1 Ra6 29. Rxb4 Rxa2+ 30. Rb2 Rxb2+ 31. Kxb2 Rb8+ 32. Bb5 Bf6 33. g5 Bg7 34. Nd2 e4+ 35. Kc2 Ra8 36. Re1 Ra2+ 37. Kd1 Bc3 38. Re2 Ra1+ 39. Kc2 Bxd2 40. Kxd2 exf3 41. Re8+ Kg7 42. Ke3 Ra3+ 43. Kf2 Rd3 44. Re3 Rd4 45. Rxf3 Rxh4 46. Kg3 Rd4 47. Rf4 Rxf4 48. Kxf4 h6 49. gxh6+ Kxh6 50. Be8 Kg7 51. Kg5 f6+ 52. Kf4 f5 53. Kg5 Ne4+ 54. Kf4 Kf6 0-1

[Event "BLR-ch (Women)"]
[Site "Minsk"]
[Date "2005.03.20"]
[Round "10"]
[White "Polivoda, Nadeja"]
[Black "Gerasimovitch, Olga"]
[Result "1/2-1/2"]
[WhiteElo "2226"]
[BlackElo "2284"]
[PlyCount "237"]
[EventDate "2005.03.11"]
[EventType "tourn"]
[EventRounds "11"]
[EventCountry "BLR"]
[SourceTitle "CBM 105 Extra"]
[Source "ChessBase"]
[SourceDate "2005.05.01"]
[SourceVersion "1"]
[SourceVersionDate "2005.05.01"]
[SourceQuality "1"]

1. e4 c5 2. Nf3 d6 3. d4 cxd4 4. Nxd4 Nf6 5. Nc3 a6 6. Bg5 e6 7. f4 Nbd7 8. Qf3 Qc7 9. 0-0-0 b5 10. Bd3 Bb7 11. Rhe1 0-0-0 12. Kb1 Be7 13. Qe2 h6 14. Bh4 Nc5 15. Bxf6 Bxf6 16. Qe3 b4 17. Nce2 Kb8 18. Nb3 Rc8 19. g3 a5 20. Nbd4 Qb6 21. c3 Nxd3 22. Qxd3 Ba6 23. Qe3 Bxe2 24. Rxe2 bxc3 25. Rc2 e5 26. fxe5 dxe5 27. Nf5 Qxe3 28. Nxe3 cxb2 29. Rxb2+ Ka8 30. Rd6 Rc7 31. Nd5 Rb7 32. Ra6+ Kb8 33. Rxa5 Rxb2+ 34. Kxb2 Bd8 35. Rb5+ Ka7 36. a4 g6 37. Nb4 Re8 38. Kc2 Be7 39. Nd5 Bd6 40. Kd3 f5 41. Rb6 Rd8 42. Rc6 Kb7 43. Rc2 Rc8 44. Rb2+ Ka7 45. Rf2 fxe4+ 46. Kxe4 Rc4+ 47. Kf3 Rxa4 48. Nf6 Bc5 49. Re2 Bd4 50. Ng4 Ra3+ 51. Ke4 Kb7 52. Nxh6 Kc6 53. Nf7 Ra5 54. Rc2+ Kd7 55. Ng5 Ra3 56. Kd5 Ra8 57. Ke4 Ra3 58. Nf7 Ke6 59. Nd8+ Kd7 60. Nc6 Re3+ 61. Kd5 Re1 62. Ra2 Re3 63. Nxd4 exd4 64. Ra7+ Ke8 65. Kxd4 Re2 66. Rh7 Kf8 67. Kd3 Re1 68. Rh4 Kg7 69. Re4 Rh1 70. h4 Rg1 71. Rg4 Kh6 72. Ke4 Ra1 73. Rg5 Ra4+ 74. Kf3 Ra3+ 75. Kg4 Ra4+ 76. Kh3 Ra3 77. Re5 Rb3 78. Kg4 Rb4+ 79. Kh3 Rb7 80. Re6 Ra7 81. Re4 Rb7 82. Kg4 Ra7 83. Kf4 Rb7 84. g4 Ra7 85. Ke5 Kg7 86. Rd4 Re7+ 87. Kf4 Ra7 88. Rd5 Ra4+ 89. Kg5 Ra7 90. Re5 Rb7 91. Re6 Rb5+ 92. Kf4 Rb4+ 93. Re4 Rb7 94. Rd4 Ra7 95. Ke5 Re7+ 96. Kd6 Re1 97. Kd5 Ra1 98. g5 Ra2 99. Kd6 Ra1 100. Ke7 Re1+ 101. Kd8 Ra1 102. Rd7+ Kf8 103. Rd6 Kf7 104. Rd4 Ra2 105. Rf4+ Kg7 106. Ke7 Ra7+ 107. Ke6 Ra6+ 108. Ke5 Ra5+ 109. Ke4 Ra4+ 110. Kf3 Ra3+ 111. Kg4 Ra6 112. Rd4 Ra7 113. h5 gxh5+ 114. Kxh5 Rb7 115. Rd6 Ra7 116. Re6 Rb7 117. Kg4 Ra7 118. Kf5 Ra5+ 119. Re5 1/2-1/2

[Event "BLR-ch (Women) 48th"]
[Site "Minsk"]
[Date "2004.02.27"]
[Round "8"]
[White "Gerasimovitch, Olga"]
[Black "Martynuk, Tatiana"]
[Result "0-1"]
[WhiteElo "2226"]
[BlackElo "2187"]
[PlyCount "82"]
[EventDate "2004.02.20"]
[EventType "tourn"]
[EventRounds "11"]
[EventCountry "BLR"]
[SourceTitle "EXT 2005"]
[Source "ChessBase"]
[SourceDate "2004.11.15"]
[SourceVersion "1"]
[SourceVersionDate "2004.11.15"]
[SourceQuality "1"]

1. d4 d5 2. c4 e6 3. Nf3 f5 4. g3 Nf6 5. Bg2 c6 6. 0-0 Bd6 7. b3 Qe7 8. a4 0-0 9. Ba3 Bxa3 10. Nxa3 Ne4 11. Ne5 Nd7 12. f3 Nxe5 13. fxe4 Ng4 14. Nc2 dxe4 15. h3 Nf6 16. e3 e5 17. Qe2 exd4 18. exd4 Be6 19. Rae1 Rad8 20. Qe3 Kh8 21. Rf2 Bc8 22. Bf3 Qc7 23. Bd1 a6 24. Ref1 b5 25. axb5 axb5 26. g4 bxc4 27. bxc4 Be6 28. gxf5 Bxc4 29. Be2 Nd5 30. Qg5 h6 31. Qg4 Bd3 32. Rc1 Bxc2 33. Rxc2 Ne3 34. Qxe4 Nxc2 35. Qxc2 Qg3+ 36. Rg2 Qxh3 37. Qxc6 Qxf5 38. d5 Qxd5 39. Qxd5 Rxd5 40. Bc4 Rc5 41. Be2 Rc2 0-1

[Event "BLR-ch (Women) 48th"]
[Site "Minsk"]
[Date "2004.02.25"]
[Round "6"]
[White "Gerasimovitch, Olga"]
[Black "Savushkina, Evgenia"]
[Result "0-1"]
[WhiteElo "2226"]
[BlackElo "2053"]
[PlyCount "105"]
[EventDate "2004.02.20"]
[EventType "tourn"]
[EventRounds "11"]
[EventCountry "BLR"]
[SourceTitle "EXT 2005"]
[Source "ChessBase"]
[SourceDate "2004.11.15"]
[SourceVersion "1"]
[SourceVersionDate "2004.11.15"]
[SourceQuality "1"]

1. e4 c5 2. Nf3 Nc6 3. Bb5 d6 4. Bxc6+ bxc6 5. h3 g6 6. 0-0 Bg7 7. d3 Rb8 8. Nc3 f6 9. Rb1 Nh6 10. Be3 0-0 11. Qd2 Nf7 12. Nh2 Qa5 13. b3 f5 14. Na4 Qxd2 15. Bxd2 fxe4 16. dxe4 c4 17. b4 d5 18. c3 Nd6 19. Nc5 dxe4 20. Rfe1 Bf5 21. Rbc1 Rbd8 22. Bg5 Rf7 23. g4 Bc8 24. Nxe4 Nxe4 25. Rxe4 h6 26. Be3 Ba6 27. Bxa7 Rd3 28. Re3 Rd2 29. Re6 Rxa2 30. Rxg6 Kh7 31. Re6 Bc8 32. Rxc6 Bb7 33. Rc7 Rxa7 34. b5 Ra2 35. Rxb7 Raxf2 36. b6 Be5 37. Nf1 R2f3 38. Rd7 Bxc3 39. b7 Be5 40. Rd8 Rb3 41. Rd5 Bb8 42. Rxc4 Ba7+ 43. Rdc5 Rxb7 44. Kg2 Bxc5 45. Rxc5 Rb2+ 46. Kg1 Rb1 47. Rf5 Rxf5 48. gxf5 Kg7 49. Kg2 Kf6 50. Ng3 Rb2+ 51. Kf3 Rb3+ 52. Kg2 Rxg3+ 53. Kxg3 0-1

[Event "Wch U18 Girls"]
[Site "Chalkidiki"]
[Date "2003.11.01"]
[Round "10"]
[White "Ambrosi, Eleonora"]
[Black "Gerasimovitch, Olga"]
[Result "1/2-1/2"]
[WhiteElo "2108"]
[BlackElo "2264"]
[PlyCount "101"]
[EventDate "2003.10.23"]
[EventType "swiss"]
[EventRounds "11"]
[EventCountry "GRE"]
[SourceTitle "EXT 2004"]
[Source "ChessBase"]
[SourceDate "2003.11.25"]
[SourceVersion "1"]
[SourceVersionDate "2003.11.25"]
[SourceQuality "1"]

1. e4 d5 2. exd5 Qxd5 3. Nc3 Qa5 4. d4 Nf6 5. Bc4 c6 6. Nge2 Bf5 7. Bd2 Nbd7 8. Ne4 Qb6 9. N4g3 Bg6 10. Bb3 e6 11. 0-0 Bd6 12. Bf4 Bxf4 13. Nxf4 0-0 14. Nxg6 hxg6 15. Qd2 a5 16. c3 a4 17. Bc4 Rfd8 18. Qc2 Qc7 19. Ne4 Ng4 20. g3 Nb6 21. Be2 Nh6 22. Rad1 Nf5 23. Rfe1 Nd7 24. Bf3 Qa5 25. Bh1 Qc7 26. Qe2 Nd6 27. Nxd6 Qxd6 28. Qc2 Nb6 29. Qe2 Rd7 30. Rd2 Rad8 31. Red1 Qb8 32. Bg2 Qa7 33. Be4 Qa5 34. h4 Qh5 35. Bf3 Qf5 36. Be4 Qf6 37. Kg2 Rd6 38. Rd3 Qe7 39. R3d2 Nd5 40. a3 Nf6 41. Bf3 Qd7 42. Qc4 b5 43. Qc5 Qc7 44. Qg5 R6d7 45. h5 Nxh5 46. Rh1 Nf6 47. Qh4 Kf8 48. Qh8+ Ng8 49. Rdd1 f6 50. Qh7 c5 51. Qxg6 1/2-1/2

[Event "EU-ch (Women) 4th"]
[Site "Istanbul"]
[Date "2003.06.05"]
[Round "4"]
[White "Andersson, Christin"]
[Black "Gerasimovitch, Olga"]
[Result "1-0"]
[WhiteElo "2142"]
[BlackElo "2200"]
[PlyCount "119"]
[EventDate "2003.06.02"]
[EventType "swiss"]
[EventRounds "11"]
[EventCountry "TUR"]
[SourceTitle "CBM 094 Extra"]
[Source "ChessBase"]
[SourceDate "2003.07.09"]
[SourceVersion "2"]
[SourceVersionDate "2003.07.09"]
[SourceQuality "1"]

1. e4 d5 2. exd5 Qxd5 3. Nc3 Qa5 4. d4 Nf6 5. Bc4 c6 6. Nge2 Bg4 7. f3 Bf5 8. Ng3 Bg6 9. 0-0 e6 10. Nce4 Nbd7 11. c3 Qc7 12. Qe2 0-0-0 13. b4 Nd5 14. Qd2 h6 15. a4 f5 16. Bxd5 cxd5 17. Nc5 Bf7 18. Ba3 Nb6 19. a5 Nc4 20. Qe2 Re8 21. f4 Bd6 22. Bc1 g5 23. Nd3 h5 24. Ne5 h4 25. Nh1 Bh5 26. Qf2 gxf4 27. Bxf4 Bxe5 28. dxe5 Kb8 29. Rfb1 Reg8 30. b5 Qe7 31. Ra4 Rg4 32. Qd4 Rhg8 33. g3 hxg3 34. hxg3 Qh4 35. Rxc4 dxc4 36. a6 Qd8 37. Qxc4 Qb6+ 38. Kg2 Rd8 39. Nf2 Rg7 40. Rh1 Bg4 41. Rh6 Re8 42. Nd3 Rc7 43. Qb4 Be2 44. Qd6 Bxd3 45. Qxd3 Qc5 46. Qd6 Qc4 47. Rh7 Qe2+ 48. Kg1 Qe1+ 49. Kg2 Qxc3 50. Be3 Rec8 51. axb7 Kxb7 52. Qa6+ Ka8 53. Bxa7 Qd2+ 54. Bf2+ Kb8 55. Qb6+ Ka8 56. Qxe6 Qg5 57. b6 Rc6 58. b7+ Kb8 59. bxc8Q+ Rxc8 60. Qb3+ 1-0